000 00824nam a22001577a 4500
003 OSt
005 20151004104831.0
008 151004b xxu||||| |||| 00| 0 eng d
040 _cRUA
082 _aAVM KHA 2002 B073 Or.1
100 _91999
_aKHAY, MONIKA.
245 _aThe study on growth rate of chicken hubbard by utilization of cassava root meal in concentrate feed at the RUA (ការសិក្សាលើការលូតលាស់មាន់សាច់​HUBBARD ដោយប្រើម្ស៉ោមើមដំឡូងមីជាចំណីផ្សំនៅស្ថានីយ៏ចិញ្ចឺមសត្វនៃសាកលវិទ្យាល័យភូមិន្ទកសិកម្ម)
260 _aPhnom Penh
_bRUA
_c2002
300 _aviii, 36p.
_bill.
_c29cm.
942 _2ddc
_cAVM
999 _c1889
_d1889